| 000 | 00657nam a2200217Ia 4500 | ||
|---|---|---|---|
| 003 | GCL | ||
| 008 | 140319s9999 xx 000 0 ara d | ||
| 040 |
_aGCL / _cGCL |
||
| 082 | 0 | 4 |
_a927 _bس ب |
| 100 | 1 | _aياسين طه حافظ | |
| 245 | 1 | 0 |
_aبيكاسو : _bجيرترود ستاين / _cياسين طه حافظ |
| 700 | 1 | _aستاين، جيرتر ود | |
| 250 | _aالاولى | ||
| 260 |
_aالعراق : _bدار المامون للترجمة والنشر ، _c1992 |
||
| 300 |
_a56 ص ؛ _c24 سم |
||
| 490 | _a | ||
| 650 | 0 | 4 | _aالتراجم |
| 650 | 0 | 4 | _aالفنانون |
| 650 | 0 | 4 | _aبيكاسو، بابلو |
| 942 |
_2ddc _cBK |
||
| 999 |
_c48352 _d48352 |
||